000 01743cam a2200385 a 4500
001 1966
003 FISKH
005 20231023100336.0
008 060927s2007 nyua j b 001 0beng
010 _a 2006051401
020 _a0439918154
020 _a9780545685313
035 _a(OCoLC)72871401
035 _a(OCoLC)ocm72871401
040 _aDLC
_cDLC
_dYDX
_dBTCTA
_dBAKER
_dDAJ
_dGK8
_dYDXCP
_dXY4
_dHOO
_dEHH
_dUPZ
_dVP@
_dIXA
_dJED
_dDLC
_beng
042 _alcac
050 0 0 _aHV1624.K4
_bS853 2007
082 0 0 _a362.4/1092
_aB
_222
100 1 _aSullivan, George,
_d1927-
245 1 0 _aHelen Keller :
_bher life in pictures /
_cGeorge Sullivan ; foreword by Keller Johnson Thompson.
260 _aNew York :
_bScholastic,
_c2007.
300 _a80 pages :
_billustrations ;
_c26 cm
505 _aR
520 _aThe fascinating life of one of the most popular historical figures is told through images -- most rarely, if ever, seen -- from the American Foundation for the Blind and The Perkins School for the Blind. The images trace Keller's life from birth, to childhood with Annie Sullivan in the cottage, to college, and on to her many years as a dedicated social activist and spokesperson.--From amazon.com.
521 _a770
_bLexile
521 _aR
_bRaz-Plus
600 1 0 _aKeller, Helen,
_d1880-1968
_vJuvenile literature.
600 1 0 _aKeller, Helen,
_d1880-1968
_vPictorial works
_vJuvenile literature.
600 1 1 _aKeller, Helen,
_d1880-1968.
600 1 1 _aKeller, Helen,
_d1880-1968
_vPictorial works.
650 0 _aDeafblind people
_zUnited States
_vBiography
_vJuvenile literature.
650 1 _aDeafblind people
_zUnited States
_vBiography
906 _a7
_bcbc
_corignew
_d1
_eocip
_f20
_gy-gencatlg
942 _2ddc
_cBK
_n0
999 _c1966
_d1966